ბათუმის შოთა რუსთაველის სახელმწიფო უნივერსიტეტის ბიბლიოთეკა

ოქროს ბეჭედი : (ბიბ.ჩანაწერი № 40823)

000 -ლიდერი
ფიქსირებული სიგრძის საკონტროლო ველი 01172nam a2200241Ia 4500
001 - საკონტროლო ნომერი
საკონტროლო ველი 7463
003 - საკონტროლო ნომრის იდენტიფიკატორი
საკონტროლო ველი GE_BSU
005 - ბოლო ოპერაციის თარიღი და დრო
საკონტროლო ველი 20231211114322.0
008 - ფიქსირებული სიგრძის მონაცემთა ელემენტები - ზოგადი ინფორმაცია
ფიქსირებული სიგრძის საკონტროლო ველი 181216s1954||||ge |||||||||||||| ||geo||
040 ## - კატალოგიზაციის წყარო
Transcribing agency GE_BSU
041 ## - ენის კოდი
Language code of text/sound track or separate title geo
080 ## - უნივერსალური ათობითი კლასიფიკაციის ინდექსი
Universal Decimal Classification number 821.353.1-31 დ- 26
100 ## - მთავარი ჩანაწერი - პიროვნების სახელი
Personal name დგებუაძე-ფულარია, ფუცუ
9 (RLIN) 20637
245 ## - ცნობა სათაურის შესახებ
Title ოქროს ბეჭედი :
Remainder of title რომანი წარსულიდან /
Statement of responsibility, etc ფუცუ დგებუაძე-ფულარია ; რედ. ირ. ანთელავა ; მხატვ. ჭ. კუკულაძე.
250 ## - გამოცემის ცნობა
Edition statement მე-2 შევსებული და შესწორებული გამოცემა
264 ## - წარმოების, გამოცემის, დისტრიბუციის და სხვა ცნობები
გამოცემის, წარმოების, დისტრიბუციის... ადგილი სოხუმი :
გამოცემის, წარმოების, დისტრიბუციის... სახელწოდება აფხაზეთის სახელგამი,
გამოცემის, წარმოების, დისტრიბუციის... თარიღი 1954.
300 ## - ფიზიკური აღწერა
Extent 500 გვ. ;
Dimensions 21 სმ.
653 ## - INDEX TERM--UNCONTROLLED
Uncontrolled term ოქროს ბეჭედი
653 ## - INDEX TERM--UNCONTROLLED
Uncontrolled term რომანი წარსულიდან
700 ## - ADDED ENTRY--PERSONAL NAME
Personal name ანთელავა, ირ.
Relator term რედაქტორი
9 (RLIN) 20653
700 ## - ADDED ENTRY--PERSONAL NAME
Personal name კუკულაძე, ჭ.
Relator term მხატვარი
9 (RLIN) 20654
942 ## - ADDED ENTRY ELEMENTS (KOHA)
Koha item type წიგნი
Source of classification or shelving scheme
ეგზემპლარები
ჩამოწერის სტატუსი დაკარგული ეგზემპლარის სტატუსი კლასიფიკაციის წყარო ან თაროზე გაწყობის სქემა დაზიანების სტატუსი არ გაიცემა მუდმივი მდებარეობა (დაცვის ადგილი) ამჟამინდელი ადგილსამყოფელი თაროზე განთავსების ადგილი შეძენის თარიღი ღირებულება, შესყიდვის ნორმალური ფასი სრული შენახვის შიფრი შტრიხკოდი ბოლო ოპერაციის თარიღი ეგზემპლარის მიმდევრობითი ნომერი (კეტერი?) ფასის ძალაში შესვლის თარიღი ეგზემპლარის სახეობა საჯარო შენიშვნა
          ბათუმის შოთა რუსთაველის სახელმწიფო უნივერსიტეტის მთავარი ბიბლიოთეკა ბათუმის შოთა რუსთაველის სახელმწიფო უნივერსიტეტის მთავარი ბიბლიოთეკა წიგნსაცავი 2018-12-17 23.00 821.353.1-31 დ- 26 23280 2018-12-17 23280 2018-12-17 წიგნი 23.00 ₾.
          ბათუმის შოთა რუსთაველის სახელმწიფო უნივერსიტეტის მთავარი ბიბლიოთეკა ბათუმის შოთა რუსთაველის სახელმწიფო უნივერსიტეტის მთავარი ბიბლიოთეკა წიგნსაცავი 2018-12-17 23.00 821.353.1-31 დ- 26 23281 2018-12-17 23281 2018-12-17 წიგნი 23.00 ₾.
          ბათუმის შოთა რუსთაველის სახელმწიფო უნივერსიტეტის მთავარი ბიბლიოთეკა ბათუმის შოთა რუსთაველის სახელმწიფო უნივერსიტეტის მთავარი ბიბლიოთეკა წიგნსაცავი 2018-12-17 23.00 821.353.1-31 დ- 26 23282 2018-12-17 23282 2018-12-17 წიგნი 23.00 ₾.
          ბათუმის შოთა რუსთაველის სახელმწიფო უნივერსიტეტის მთავარი ბიბლიოთეკა ბათუმის შოთა რუსთაველის სახელმწიფო უნივერსიტეტის მთავარი ბიბლიოთეკა წიგნსაცავი 2018-12-17 23.00 821.353.1-31 დ- 26 23283 2018-12-17 23283 2018-12-17 წიგნი 23.00 ₾.
          ბათუმის შოთა რუსთაველის სახელმწიფო უნივერსიტეტის მთავარი ბიბლიოთეკა ბათუმის შოთა რუსთაველის სახელმწიფო უნივერსიტეტის მთავარი ბიბლიოთეკა წიგნსაცავი 2018-12-17 23.00 821.353.1-31 დ- 26 23284 2018-12-17 23284 2018-12-17 წიგნი 23.00 ₾.
          ბათუმის შოთა რუსთაველის სახელმწიფო უნივერსიტეტის მთავარი ბიბლიოთეკა ბათუმის შოთა რუსთაველის სახელმწიფო უნივერსიტეტის მთავარი ბიბლიოთეკა წიგნსაცავი 2018-12-17 23.00 821.353.1-31 დ- 26 23285 2018-12-17 23285 2018-12-17 წიგნი 23.00 ₾.
          ბათუმის შოთა რუსთაველის სახელმწიფო უნივერსიტეტის მთავარი ბიბლიოთეკა ბათუმის შოთა რუსთაველის სახელმწიფო უნივერსიტეტის მთავარი ბიბლიოთეკა წიგნსაცავი 2018-12-17 23.00 821.353.1-31 დ- 26 23286 2018-12-17 23286 2018-12-17 წიგნი 23.00 ₾.
          ბათუმის შოთა რუსთაველის სახელმწიფო უნივერსიტეტის მთავარი ბიბლიოთეკა ბათუმის შოთა რუსთაველის სახელმწიფო უნივერსიტეტის მთავარი ბიბლიოთეკა წიგნსაცავი 2018-12-17 23.00 821.353.1-31 დ- 26 23287 2018-12-17 23287 2018-12-17 წიგნი 23.00 ₾.
          ბათუმის შოთა რუსთაველის სახელმწიფო უნივერსიტეტის მთავარი ბიბლიოთეკა ბათუმის შოთა რუსთაველის სახელმწიფო უნივერსიტეტის მთავარი ბიბლიოთეკა წიგნსაცავი 2018-12-17 23.00 821.353.1-31 დ- 26 23288 2018-12-17 23288 2018-12-17 წიგნი 23.00 ₾.
          ბათუმის შოთა რუსთაველის სახელმწიფო უნივერსიტეტის მთავარი ბიბლიოთეკა ბათუმის შოთა რუსთაველის სახელმწიფო უნივერსიტეტის მთავარი ბიბლიოთეკა წიგნსაცავი 2018-12-17 23.00 821.353.1-31 დ- 26 23289 2018-12-17 23289 2018-12-17 წიგნი 23.00 ₾.
          ბათუმის შოთა რუსთაველის სახელმწიფო უნივერსიტეტის მთავარი ბიბლიოთეკა ბათუმის შოთა რუსთაველის სახელმწიფო უნივერსიტეტის მთავარი ბიბლიოთეკა წიგნსაცავი 2018-12-17 23.00 821.353.1-31 დ- 26 23290 2018-12-17 23290 2018-12-17 წიგნი 23.00 ₾.